000 00888nam a2200301Ia 4500
003 OSt
005 20221006160200.0
006 a|||||r|||| 00| 0
007 ta
008 221006b |||||||| |||| 00| 0 eng d
020 _a9788992822343
_c
_30.00
024 _a44,538
037 _bGift, Koren Embassy
_cTextual
040 _aEASL
_cEASL
_beng
041 _2eng
_aeng
082 _aY:351.495, P9
100 _aLee Chung-myun
_9672251
245 0 _aArirang
_b Song of Korea
260 _aSeoul
_bEasy publishing Co. Korea
_c2010
300 _a328p.
_ccm.
490 _v KEL
650 _a KEL
650 _a Korea - Arirang - Diffusion of
_9672252
650 _a Korea - Movie Arirang
_9672253
650 _aKorea - Han and Arirang - Story of
_9672254
942 _hY:351.495, P9
_cTEXL
_2CC
999 _c1112630
_d1112630